000 01335nam a2200397 i 4500
999 _c1611
_d1611
001 021136004
003 UkOxU
005 20230116102150.0
008 171030s2018 enka 001|0|eng|d
015 _aGBB7L5559
_2bnb
016 7 _a018608203
_2Uk
020 _a9781108439497
_qpaperback
035 _a(Uk)018608203
035 _a(StEdALDL)1/3612713
040 _aStDuBDS
_beng
_erda
_cStDuBDS
_dUkOxU
_dKH8
049 _aCROBAR
082 0 4 _a909.82 GRE
_223
100 1 _aGrey, Paul
_c(Teacher),
_eauthor.
245 1 0 _aCambridge IGCSE and O level history :
_boption B: the 20th century coursebook /
_cPaul Grey, Rosemarie Little, Robin Mcpherson, John Etty and Graham Goodlad.
250 _aSecond edition.
264 1 _aCambridge :
_bCambridge University Press,
_c2018.
264 4 _c©2018
300 _av, 288 pages :
_billustrations ;
_c28 cm
336 _atext
_2rdacontent
337 _aunmediated
_2rdamedia
338 _avolume
_2rdacarrier
490 1 _aCompletely Cambridge
500 _aIncludes index.
650 0 _aHistory, Modern
_xStudy and teaching (Higher)
700 1 _aLittle, Rosemarie,
_eauthor.
700 1 _aMcpherson, Robin,
_eauthor.
700 1 _aEtty, John,
_eauthor.
700 1 _aGoodlad, Graham D.
_q(Graham David),
_d1964-
_eauthor.
830 0 _aCompletely Cambridge.
942 _2ddc
_cTR